[Event "interzonal (w) play-off"]
[Site "Kislovodsk URS"]
[Date "1974.??.??"]
[Round "2"]
[White "Alexandria, Nana"]
[Black "Shul, Marta"]
[Result "1-0"]
[WhiteElo "2335"]
[BlackElo "2270"]
[EventDate "1974.03.??"]
[PlyCount "52"]

1.e4 c5 2.Nf3 Nc6 3.Bb5 g6 4.O-O Bg7 5.Re1 e5 6.b4 Nxb4 7.Bb2 Qc7 8.c3 Nc6
9.d4 d6 10.d5 a6 11.Na3 Ke7 12.dxc6 axb5 13.cxb7 Qxb7 14.c4 b4 15.Nb5 Qb8 
16.a3 Nf6 17.axb4 Rxa1 18.Qxa1 cxb4 19.Nxe5 dxe5 20.Bxe5 Qb6 21.Bd6+ Ke8 
22.Nc7+ Kd7 23.c5 Ne8 24.Be5 Qxc5 25.Bxg7 Nxg7 26.Rc1 1-0

[Event "interzonal (w) play-off"]
[Site "Kislovodsk URS"]
[Date "1974.??.??"]
[Round "5"]
[White "Konopleva, Natalia"]
[Black "Levitina, Irina"]
[Result "0-1"]
[WhiteElo "2280"]
[BlackElo "2325"]
[EventDate "1974.03.??"]
[PlyCount "50"]

1.c4 e5 2.Nc3 Nf6 3.g3 Bb4 4.Qb3 Nc6 5.Bg2 O-O 6.Nf3 Re8 7.O-O d6 8.d3 
Bxc3 9.Qxc3 e4 10.Nd4 h6 11.Nxc6 bxc6 12.b3 Bf5 13.Bb2 d5 14.cxd5 exd3 15.
e4 Bxe4 16.Bxe4 Rxe4 17.dxc6 Qd5 18.Rad1 Rd8 19.Rfe1 Rxe1+ 20.Rxe1 d2 21.
Rd1 Qe4 22.f3 Qe2 23.Qc2 Rd3 24.Bxf6 gxf6 25.f4 Rf3 0-1

[Event "interzonal (w) play-off"]
[Site "Kislovodsk URS"]
[Date "1974.??.??"]
[Round "6"]
[White "Levitina, Irina"]
[Black "Shul, Marta"]
[Result "1-0"]
[WhiteElo "2325"]
[BlackElo "2270"]
[EventDate "1974.03.??"]
[PlyCount "83"]

1.e4 e5 2.Nf3 Nc6 3.Bb5 a6 4.Ba4 Nf6 5.O-O Be7 6.Re1 b5 7.Bb3 d6 8.c3 O-O 
9.d4 exd4 10.cxd4 Bg4 11.Nc3 Bxf3 12.gxf3 Na5 13.Bc2 c5 14.d5 Qd7 15.Ne2 
Ne8 16.Ng3 g6 17.f4 Ng7 18.f5 gxf5 19.exf5 f6 20.Bh6 Rf7 21.Re6 Kh8 22.Qe2
Nb7 23.Re1 Bf8 24.Bxg7+ Kxg7 25.Nh5+ Kh8 26.Nxf6 Rxf6 27.Rxf6 Qg7+ 28.Rg6 
hxg6 29.fxg6 c4 30.Qh5+ Kg8 31.Bf5 Nc5 32.Qh3 Qh6 33.Be6+ Kh8 34.Qg4 Nd3 
35.Re3 Ne5 36.Qg2 Kg7 37.Qe4 Be7 38.f4 Rf8 39.fxe5 Rf4 40.Qg2 Rg4 41.Bxg4 
Qxe3+ 42.Qf2 1-0

[Event "interzonal (w) play-off"]
[Site "Kislovodsk URS"]
[Date "1974.??.??"]
[Round "7"]
[White "Levitina, Irina"]
[Black "Alexandria, Nana"]
[Result "1/2-1/2"]
[WhiteElo "2325"]
[BlackElo "2335"]
[EventDate "1974.03.??"]
[PlyCount "70"]

1.e4 c5 2.Nf3 Nc6 3.d4 cxd4 4.Nxd4 Nf6 5.Nc3 d6 6.Bg5 Bd7 7.Qd2 Rc8 8.
O-O-O Nxd4 9.Qxd4 Qa5 10.Bd2 a6 11.Kb1 Qc5 12.Qxc5 Rxc5 13.f3 g6 14.Be3 
Rc8 15.Bd4 Bg7 16.Nd5 Nh5 17.Nb6 Rc7 18.Bxg7 Nxg7 19.Nxd7 Rxd7 20.g3 Rc7 
21.f4 Ne6 22.Bh3 h5 23.Rhe1 h4 24.Bg4 hxg3 25.hxg3 Rh2 26.Re2 Rxe2 27.Bxe2
g5 28.Rf1 gxf4 29.gxf4 Nc5 30.Bf3 e5 31.fxe5 dxe5 32.c3 Ke7 33.Bh5 f6 34.
Bg6 Rc8 35.Bf5 Rh8 1/2-1/2

[Event "interzonal (w) play-off"]
[Site "Kislovodsk URS"]
[Date "1974.??.??"]
[Round "8"]
[White "Alexandria, Nana"]
[Black "Shul, Marta"]
[Result "1-0"]
[WhiteElo "2335"]
[BlackElo "2270"]
[EventDate "1974.03.??"]
[PlyCount "81"]

1.e4 e5 2.Nf3 Nc6 3.Bb5 a6 4.Ba4 d6 5.c4 Bd7 6.d4 Nxd4 7.Nxd4 exd4 8.Bxd7+
Qxd7 9.Qxd4 Nf6 10.Nc3 Be7 11.O-O O-O 12.b3 Rfe8 13.Bb2 Bf8 14.Rfe1 Re6 
15.Nd5 Nxd5 16.cxd5 Rg6 17.f4 Qg4 18.Qd2 Re8 19.Kh1 Rh6 20.Re2 Qg3 21.h3 
c6 22.Rf1 Rh5 23.f5 Rh4 24.Rfe1 cxd5 25.Qxd5 Rc8 26.Qd2 h6 27.Bd4 Qf4 28.
Bf2 Qxd2 29.Rxd2 Rh5 30.Re3 d5 31.g4 Rg5 32.exd5 Bd6 33.Rde2 Kf8 34.Bh4 
Rc1+ 35.Kg2 Rc8 36.Re4 f6 37.Re6 Rd8 38.Kf3 Kf7 39.Rd2 Rd7 40.Rxd6 Rxd6 
41.Bg3 1-0

[Event "interzonal (w) play-off"]
[Site "Kislovodsk URS"]
[Date "1974.??.??"]
[Round "8"]
[White "Levitina, Irina"]
[Black "Konopleva, Natalia"]
[Result "1-0"]
[WhiteElo "2325"]
[BlackElo "2280"]
[EventDate "1974.03.??"]
[PlyCount "67"]

1.e4 c5 2.Nf3 e6 3.d4 cxd4 4.Nxd4 Nf6 5.Nc3 d6 6.f4 Nc6 7.Be3 Be7 8.Qf3 
O-O 9.O-O-O Nxd4 10.Bxd4 Qa5 11.e5 dxe5 12.fxe5 Nd7 13.Qe4 f5 14.exf6 Nxf6
15.Qe1 Kh8 16.Kb1 Bc5 17.Qe5 b6 18.Bd3 Bxd4 19.Qxd4 Bb7 20.Rhe1 Rad8 21.
Qh4 Bxg2 22.Rg1 Bc6 23.Rg5 b5 24.Rf1 Rxd3 25.cxd3 Qd8 26.Rg3 a5 27.Qg5 Qe7
28.Re1 b4 29.Rxe6 Qf7 30.Rxc6 bxc3 31.Rxc3 Nd5 32.Rc1 Nb4 33.Qxa5 Rb8 34.
Qxb4 1-0

[Event "interzonal (w) play-off"]
[Site "Kislovodsk URS"]
[Date "1974.??.??"]
[Round "9"]
[White "Shul, Marta"]
[Black "Levitina, Irina"]
[Result "1-0"]
[WhiteElo "2270"]
[BlackElo "2325"]
[EventDate "1974.03.??"]
[PlyCount "73"]

1.Nf3 Nf6 2.g3 g6 3.Bg2 Bg7 4.O-O O-O 5.d4 d5 6.c4 dxc4 7.Na3 c3 8.bxc3 c5
9.Ne5 Nfd7 10.Ng4 cxd4 11.cxd4 Nc6 12.Nc2 Nb6 13.Nh6+ Kh8 14.Qd3 Nxd4 15.
Rd1 e5 16.Be3 Be6 17.Nxd4 exd4 18.Bxd4 Qg5 19.Be3 Qe7 20.Rac1 Rfd8 21.Qe4 
Nd5 22.Bd4 Qg5 23.Qxe6 Qxh6 24.Qe4 Nb6 25.Bxg7+ Qxg7 26.Qxb7 Qf6 27.Qa6 
Rac8 28.Rxc8 Rxc8 29.Qxa7 Rc2 30.Bf3 Kg7 31.Qb8 Rxa2 32.Rd8 Kh6 33.Rd6 
Qa1+ 34.Kg2 Nc4 35.Rd7 Kg7 36.Rd8 Kh6 37.Qf4+ 1-0

[Event "interzonal (w) play-off"]
[Site "Kislovodsk URS"]
[Date "1974.??.??"]
[Round "12"]
[White "Levitina, Irina"]
[Black "Shul, Marta"]
[Result "1-0"]
[WhiteElo "2325"]
[BlackElo "2270"]
[EventDate "1974.03.??"]
[PlyCount "45"]

1.e4 e5 2.Nf3 Nc6 3.Bb5 Nf6 4.Nc3 Nd4 5.Nxe5 Nxb5 6.Nxb5 c6 7.Nc3 Qe7 8.
Nf3 Nxe4 9.O-O Nxc3 10.dxc3 Qd8 11.Qd4 f6 12.Bf4 d5 13.c4 Be7 14.Rad1 Bf5 
15.c3 Kf7 16.Rfe1 Qb6 17.cxd5 cxd5 18.Qxd5+ Be6 19.Qe4 Bc5 20.Rd6 Bxd6 21.
Qxe6+ Kg6 22.Nh4+ Kh5 23.Qe2+ 1-0